00452nam a22001457a 4500041000800000082001900008100001700027245007700044260002600121300000700147650001800154942000900172952010800181999001700289 aENG a305.40954bSAN aSan Hla Kyaw aThe Status of women in Siaha District of Mizoram: A Historical Appraisal aHyderabadbARRCc2024 a61 aWomen - India cTHES 00104070aHMIbHMIcREFd2024-08-01eStudentl0o305.40954 SANp11-4856r2024-08-01w2024-08-01yTHES c23500d23500